Dificultades en el aprendizaje de las matemáticas
Saved in:
| Main Authors: | , |
|---|---|
| Format: | Bog |
| Sprog: | spansk |
| Udgivet: |
Santiago
Universidad Católica de Chile
1986
|
| Fag: | |
| Tags: |
Tilføj Tag
Ingen Tags, Vær først til at tagge denne postø!
|
MARC
| LEADER | 00000nam a2200000 a 4500 | ||
|---|---|---|---|
| 001 | UCZ0604 | ||
| 003 | CL-VaPUC | ||
| 008 | 950804e19860600CL |||||||||||||||||spa|d | ||
| 082 | 0 | 4 | |a 372.7 |b CHA |2 21 |
| 100 | 0 | |a Chadwick Weinstein, Mariana |e author |9 343621 | |
| 700 | 0 | |a Tarky, Isabel |e author |9 343622 | |
| 245 | 1 | 0 | |a Dificultades en el aprendizaje de las matemáticas |
| 300 | |a 284 p | ||
| 942 | |c BK | ||
| 945 | |d 19950804 00:00:00 |a mfernand | ||
| 260 | |a Santiago |b Universidad Católica de Chile |c 1986 | ||
| 650 | 0 | |a Matemática |9 260235 | |
| 650 | 0 | |a Matemáticas |x Enseñanza |9 875527 | |
| 650 | 7 | |a FRACASO ESCOLAR |2 CL-VaPUC |9 308828 | |
| 650 | 0 | |a Trastornos del aprendizaje |9 307969 | |
| 650 | 7 | |a RELACION DOCENTE ALUMNO |2 CL-VaPUC |9 307734 | |
| 650 | 0 | |a Evaluación de la educación |9 237505 | |
| 650 | 7 | |a PRACTICA DE TESTS EDUCACIONALES |2 CL-VaPUC |9 343624 | |
| 650 | 0 | |a Números |9 265328 | |
| 650 | 7 | |a ENSEÑANZA CON AYUDA DE COMPUTADORES |2 CL-VaPUC |9 262450 | |
| 583 | |a last modification |c 19950804 00:00:00 |k Rodrigo Vera | ||
| 999 | |c 237520 |d 237518 | ||
| 952 | |0 0 |1 0 |4 0 |6 372_700000000000000_CHA_1986 |7 0 |8 P |9 246770 |a BIBEDU |b BIBEDU |c BIBEDU_PB |d 2019-11-18 |i 1549685 |o 372.7 CHA 1986 |p 1549685 |r 2024-01-25 |w 2019-11-18 |y BK |k EDU | ||
| 952 | |0 0 |1 0 |4 0 |6 372_700000000000000_CHA_1986 |7 0 |8 P |9 246771 |a BIBEDU |b BIBEDU |c BIBEDU_PB |d 2019-11-18 |i 1549758 |o 372.7 CHA 1986 |p 1549758 |r 2024-01-25 |w 2019-11-18 |y BK |k EDU | ||
| 952 | |0 0 |1 0 |4 0 |6 372_700000000000000_CHA_1986 |7 0 |8 P |9 246772 |a BIBEDU |b BIBEDU |c BIBEDU_PB |d 2019-11-18 |i 1549766 |o 372.7 CHA 1986 |p 1549766 |r 2024-01-25 |w 2019-11-18 |y BK |k EDU | ||
| 952 | |0 0 |1 0 |4 0 |6 372_700000000000000_CHA_1986 |7 0 |8 P |9 246773 |a BIBEDU |b BIBEDU |c BIBEDU_PB |d 2019-11-18 |i 1549774 |o 372.7 CHA 1986 |p 1549774 |r 2024-01-25 |w 2019-11-18 |y BK |k EDU | ||
| 952 | |0 0 |1 0 |4 0 |6 372_700000000000000_CHA_1986 |7 0 |8 P |9 246774 |a BIBEDU |b BIBEDU |c BIBEDU_PB |d 2019-11-18 |i 1549782 |o 372.7 CHA 1986 |p 1549782 |r 2024-01-25 |w 2019-11-18 |y BK |k EDU | ||
| 952 | |0 0 |1 0 |4 0 |6 372_700000000000000_CHA_1986 |7 0 |8 P |9 246775 |a BIBEDU |b BIBEDU |c BIBEDU_PB |d 2019-11-18 |i 3241726 |o 372.7 CHA 1986 |p 3241726 |r 2024-01-25 |w 2019-11-18 |y BK |k EPE | ||